Catálogo
 En Linea

Camelias y rosas : (Registro nro. 31443)

Detalles MARC
000 -CABECERA
campo de control de longitud fija 00452nam a2200145 a 4500
001 - NÚMERO DE CONTROL
campo de control 000031952
005 - FECHA Y HORA DE LA ÚLTIMA TRANSACCIÓN
campo de control 20200930063316.0
008 - DATOS DE LONGITUD FIJA--INFORMACIÓN GENERAL
campo de control de longitud fija 110707s1926 dr ac 000 p spa d
040 ## - FUENTE DE LA CATALOGACIÓN
Centro catalogador/agencia de origen DO-SdBNP
Lengua de catalogación spa
Centro/agencia transcriptor BNPHU
082 ## - NÚMERO DE LA CLASIFICACIÓN DECIMAL DEWEY
Número de clasificación xxxx
Número de documento/Ítem xxxx
100 1# - ENTRADA PRINCIPAL--NOMBRE DE PERSONA
Nombre de persona Maggiolo Núñez, Julio César
9 (RLIN) 58118
245 10 - MENCIÓN DE TÍTULO
Título Camelias y rosas :
Resto del título poesías /
Mención de responsabilidad, etc. Julio César Maggiolo Núñez.
260 ## - PUBLICACIÓN, DISTRIBUCIÓN, ETC.
Lugar de publicación, distribución, etc. Santo Domingo :
Nombre del editor, distribuidor, etc. s. n.,
Fecha de publicación, distribución, etc. 1926.
300 ## - DESCRIPCIÓN FÍSICA
Extensión [50] p. :
Otras características físicas il., retrs. ;
Dimensiones 20 cm.
Existencias
Estado de retiro Estado de pérdida No para préstamo Código de colección Localización permanente Ubicación/localización actual Ubicación en estantería Fecha de adquisición Número de inventario Total de préstamos Signatura topográfica completa Código de barras Fecha visto por última vez Precio válido a partir de Tipo de ítem Koha Nota pública
    Excluido de préstamo Patrimonio Dominicano Patrimonio Dominicano Patrimonio Dominicano En catalogación 07.07.2011 LF1   xxxx xxxx 31952-10 25.06.2020 25.06.2020 Libro y Folleto Colección Patrimonio Dominicano Perteneció a la biblioteca personal de Carlos Larrazábal Blanco.

Con tecnología Koha